000 00998nam a22003257a 4500
001 20541270
003 OSt
005 20241124180617.0
008 180614s2019 pau bf 001 0 eng
010 _a 2018028784
020 _a9781496312600 (paperback)
040 _aDLC
_beng
_cDLC
_erda
_dDLC
042 _apcc
050 0 0 _aRC682
_b.M315 2019
080 _a616.12
_bM-26
082 0 0 _a616.1/2
_223
084 _aMED010000
_2bisacsh
245 0 0 _aManual of cardiovascular medicine /
_ceditor, Brian P. Griffin
250 _aFifth edition.
260 _aPhiladelphia :
_bWolters Kluwer Health,
_c2019.
300 _a1059 pages
365 _b45.98 usd
504 _aIncludes bibliographical references and index.
650 0 _aCardiology
_vHandbooks, manuals, etc.
650 0 _aHeart
_xDiseases
_vHandbooks, manuals, etc.
650 7 _aMEDICAL / Cardiology.
_2bisacsh
653 _aკარდიოლოგია
700 1 _aGriffin, Brian P.,
_d1956-
_eeditor.
942 _2udc
_cBK
999 _c376
_d376